| 000 -CABECERA |
| Longitud fija campo de control |
00792nam a22002057a 4500 |
| 003 - IDENTIFICADOR DEL NÚMERO DE CONTROL |
| Identificador del número de control |
OSt |
| 005 - FECHA Y HORA DE LA ÚLTIMA TRANSACCIÓN |
| Fecha y hora de la última transacción |
20151026133603.0 |
| 008 - CÓDIGOS DE INFORMACIÓN DE LONGITUD FIJA |
| Códigos de información de longitud fija |
130715b xxu||||| |||| 00| 0 eng d |
| 040 ## - FUENTE DE LA CATALOGACIÓN |
| Centro transcriptor |
CDMR |
| 100 1# - PUNTO DE ACCESO PRINCIPAL-NOMBRE DE PERSONA |
| 9 (RLIN) |
3950 |
| Nombre de persona |
Canadell i Rusiñol, Roger |
| 245 10 - MENCIÓN DE TÍTULO |
| Título |
Josep Anselm Clavé i l’escriptura |
| Resto del título |
: obra poètica i periodisme cultural |
| Mención de responsabilidad, etc. |
Roger Canadell i Rusiñol ; directora Rosa Cabré |
| 260 ## - PUBLICACIÓN, DISTRIBUCIÓN, ETC. (PIE DE IMPRENTA) |
| Fecha de publicación, distribución, etc. |
2012 |
| Lugar de publicación, distribución, etc. |
Barcelona |
| 502 ## - NOTA DE TESIS |
| Nota de tesis |
Tesi doctoral defensada el 21 de desembre de 2012 |
| Nombre de la institución que otorga el tí,tulo |
Universitat de Barcelona |
| 600 1# - PUNTO DE ACCESO ADICIONAL DE MATERIA - NOMBRE DE PERSONA |
| 9 (RLIN) |
3952 |
| Nombre de persona |
Clavé, Josep Anselm |
| Fechas asociadas al nombre |
1824-1874 |
| 650 04 - PUNTO DE ACCESO ADICIONAL DE MATERIA - TÉRMINO DE MATERIA |
| 9 (RLIN) |
3088 |
| Término de materia o nombre geográfico como elemento inicial |
Periodisme i literatura |
| 650 04 - PUNTO DE ACCESO ADICIONAL DE MATERIA - TÉRMINO DE MATERIA |
| 9 (RLIN) |
2994 |
| Término de materia o nombre geográfico como elemento inicial |
Tesis i dissertacions acadèmiques |
| 700 1# - PUNTO DE ACCESO ADICIONAL - NOMBRE DE PERSONA |
| 9 (RLIN) |
3951 |
| Nombre de persona |
Cabré, Rosa |
| Fechas asociadas al nombre |
1945- |
| 856 40 - LOCALIZACIÓN Y ACCESO ELECTRÓNICO |
| Identificador Uniforme del Recurso (URI) |
<a href="http://hdl.handle.net/10803/98300">http://hdl.handle.net/10803/98300</a> |
| Texto del enlace |
Disponible en línia (TDX) |
| 942 ## - ENTRADA DE ELEMENTOS AGREGADOS (KOHA) |
| Fuente de clasificaión o esquema |
|
| Koha [por defecto] tipo de item |
Tesines en línia |